Southville International School and Colleges
Your cart is empty.
  • Cart
  • Lists
    Public lists Eva Luna New books Lux_list list_1
    Your lists Log in to create your own lists
  • Log in to your account
  • Your cookies
  • Search history
Southville International School and Colleges
  • Advanced search
  • Recent comments
  • Most popular
  • Libraries

Log in to your account

Log in with GOOGLE


If you do not have an external account, but do have a local account, you can still log in:

  1. Home
  2. MARC view: How to create digital portfolios to apply for college and jobs/
Normal view MARC view ISBD view

How to create digital portfolios to apply for college and jobs/ (Record no. 361948)

[ view plain ]
MARC details
000 -LEADER
fixed length control field 00726nam a2200205Ia 4500
003 - CONTROL NUMBER IDENTIFIER
control field SISC
005 - DATE AND TIME OF LATEST TRANSACTION
control field 20190710092916.0
008 - FIXED-LENGTH DATA ELEMENTS--GENERAL INFORMATION
fixed length control field 190710s9999 xx 000 0 und d
020 ## - INTERNATIONAL STANDARD BOOK NUMBER
International Standard Book Number 9781508175285
050 ## - LIBRARY OF CONGRESS CALL NUMBER
Classification number LB 1029.P67
Item number .C46 2018
100 ## - MAIN ENTRY--PERSONAL NAME
Personal name Chomet, Natalie
245 ## - TITLE STATEMENT
Statement of responsibility, etc Natalie Chomet
Title How to create digital portfolios to apply for college and jobs/
260 ## - PUBLICATION, DISTRIBUTION, ETC. (IMPRINT)
Place of publication, distribution, etc New York:
Name of publisher, distributor, etc Rosen Publishing, Inc.
Date of publication, distribution, etc 2018
300 ## - PHYSICAL DESCRIPTION
Extent 64 p. ;
Other physical details col. ill. :
Dimensions 230 cm.
440 ## - SERIES STATEMENT/ADDED ENTRY--TITLE
Title Project Learning Using Digital Portfolios
500 ## - GENERAL NOTE
General note Includes bibliographical references and index
650 ## - SUBJECT ADDED ENTRY--TOPICAL TERM
Topical term or geographic name as entry element Digital media -- juvenile literature
650 ## - SUBJECT ADDED ENTRY--TOPICAL TERM
Topical term or geographic name as entry element Electronic portfolios in education -- juvenile literature
942 ## - ADDED ENTRY ELEMENTS (KOHA)
Source of classification or shelving scheme Library of Congress Classification
Koha item type Books
Holdings
Withdrawn status Lost status Damaged status Home library Current library Shelving location Date acquired Source of acquisition Total Checkouts Full call number Barcode Date last seen Price effective from Koha item type
      Luxembourg Library Luxembourg Library Grade School Section 07/10/2019 Library Fund   LB 1029.P67 .C46 2018 20723 07/10/2019 07/10/2019 Books

How to create digital portfolios to apply for college and jobs/

APA

Chomet N., . (2018). How to create digital portfolios to apply for college and jobs. New York: Rosen Publishing, Inc.

Chicago

Chomet Natalie, . 2018. How to create digital portfolios to apply for college and jobs. New York: Rosen Publishing, Inc.

Harvard

Chomet N., . (2018). How to create digital portfolios to apply for college and jobs. New York: Rosen Publishing, Inc.

MLA

Chomet Natalie, . How to create digital portfolios to apply for college and jobs. New York: Rosen Publishing, Inc. 2018.

  • Place hold
  • Print
  • Cite
  • Add to your cart (remove)
  • Save record
    BIBTEX Dublin Core MARCXML MARC (non-Unicode/MARC-8) MARC (Unicode/UTF-8) MARC (Unicode/UTF-8, Standard) MODS (XML) RIS
  • More searches
    Search for this title in:
    Other Libraries (WorldCat) Other Databases (Google Scholar) Online Stores (Bookfinder.com) Open Library (openlibrary.org)

Exporting to Dublin Core...

SOUTHVILLE LIBRARY

Southville International School and Colleges Library

1281 Tropical Ave. Cor. Luxembourg St., BF Homes International, Las Pinas City

Tel. No. 8256374 / 252358 Loc. 117/146

Powered by Koha